[Event "86th ch-ARG 2012"]
[Site "La Plata ARG"]
[Date "2012.07.12"]
[Round "11.4"]
[White "Slipak,S"]
[Black "Krysa,L"]
[Result "1-0"]
[WhiteElo "2444"]
[BlackElo "2424"]

1.Nf3 Nf6 2.c4 g6 3.Nc3 Bg7 4.e4 d6 5.d4 O-O 6.Be2 e5 7.O-O Na6 8.Be3 Ng4
9.Bg5 Qe8 10.h3 h6 11.Bc1 Nf6 12.dxe5 dxe5 13.Be3 b6 14.Qc2 Bb7 15.Nd5 Nd7
16.a3 c6 17.Nc3 Nac5 18.b4 Ne6 19.Rfd1 f5 20.Qd2 Rd8 21.Bxh6 Ndc5 22.Qc2 Rxd1+
23.Rxd1 Bxh6 24.bxc5 Nxc5 25.Rd6 Bg7 26.Qd2 Ne6 27.c5 Kh8 28.exf5 gxf5 29.Nxe5 f4
30.Bg4 Bc8 31.Nxc6 Nxc5 32.Bxc8 Qxc8 33.Ne7 Nb3 34.Ng6+ Kg8 35.Qd5+ Rf7 36.Ne7+  1-0

[Event "87th ch-Paris IdF Open"]
[Site "Paris FRA"]
[Date "2012.07.12"]
[Round "6.13"]
[White "Rindlisbacher,L"]
[Black "Berthier,H"]
[Result "1-0"]
[WhiteElo "2266"]
[BlackElo "2202"]

1.d4 Nf6 2.c4 g6 3.Nc3 Bg7 4.e4 d6 5.Nf3 O-O 6.Be2 e5 7.O-O exd4 8.Nxd4 Re8
9.f3 c6 10.Be3 d5 11.cxd5 cxd5 12.Qb3 Nc6 13.Bb5 Bd7 14.Rad1 a6 15.Bxc6 bxc6
16.Bg5 Rb8 17.Qc2 c5 18.Nde2 d4 19.Nd5 Bb5 20.Rfe1 d3 21.Qc1 h6 22.Nxf6+ Bxf6
23.Bxh6 c4 24.Nc3 Bc6 25.Be3 Qa5 26.Bd2 Qb6+ 27.Kf1 Qxb2 28.Nb1 Ba4 29.Qxb2 Bxb2
30.Rc1 Bxc1 31.Rxc1 Bc2 32.Na3 Rb2 33.Ra1 Rc8 34.Bc3 Rb7 35.Rc1 Ba4 36.Nb1 Bd7
37.Nd2 Be6 38.Kf2 Rc5 39.h4 Rh5 40.g3 g5 41.hxg5 Rxg5 42.Rh1 Kf8 43.f4 Rc5
44.f5 Bc8 45.g4 Ke8 46.Ke3 a5 47.g5 Kd7 48.Nf3 Kd6 49.Rh6+ Ke7 50.g6 fxg6
51.Rh7+ Kd6 52.fxg6 Re7 53.e5+ Kd7 54.g7 Rxg7 55.Rxg7+ Kc6 56.Rg6+ Kb5 57.e6 Ka4
58.e7 Bd7 59.Rd6 Bb5 60.Ra6 Be8 61.Ra8 Bd7 62.Ne5  1-0

[Event "2nd Polugaevsky Mem"]
[Site "Samara RUS"]
[Date "2012.07.12"]
[Round "8.21"]
[White "Nugumanov,B"]
[Black "Korchmar,V"]
[Result "1-0"]
[WhiteElo "2279"]
[BlackElo "2236"]

1.d4 Nf6 2.c4 g6 3.Nc3 Bg7 4.e4 d6 5.Nf3 O-O 6.Be2 Nbd7 7.O-O e5 8.d5 a5
9.Qc2 h6 10.a3 Nh7 11.Rb1 f5 12.b4 axb4 13.axb4 f4 14.Ne1 Nhf6 15.Nd3 h5
16.c5 Ne8 17.f3 Ndf6 18.b5 b6 19.cxb6 cxb6 20.Nb4 Nd7 21.Nc6 Qf6 22.Bb2 Nc5
23.Ra1 Rxa1 24.Rxa1 Nc7 25.Ra7 Rf7 26.Ba3 Qh4 27.Qd1 g5 28.Bxc5 g4 29.Bf1 Bf6
30.Bxb6 g3 31.h3 Bxh3 32.gxh3 g2 33.Bxg2  1-0

[Event "22nd HOF Open 2012"]
[Site "Jyvaskyla FIN"]
[Date "2012.07.13"]
[Round "7.1"]
[White "Solozhenkin,E"]
[Black "Yrjola,J"]
[Result "1/2-1/2"]
[WhiteElo "2472"]
[BlackElo "2375"]

1.d4 Nf6 2.c4 g6 3.Nc3 Bg7 4.e4 d6 5.Nf3 O-O 6.Be2 e5 7.O-O Na6 8.Be3 c6
9.d5 Ng4 10.Bg5 f6 11.Bh4 c5 12.Ne1 h5 13.a3 Bd7 14.Nd3 Qe7 15.h3 Nh6 16.g4 hxg4
17.hxg4 Nf7 18.Kg2 Bh6 19.Rh1 Nb8  1/2-1/2

[Event "5th Int ch-Central Serbia 2012"]
[Site "Paracin SRB"]
[Date "2012.07.13"]
[Round "9.25"]
[White "Tscharotschkin,M"]
[Black "Cabarkapa,N"]
[Result "1/2-1/2"]
[WhiteElo "2176"]
[BlackElo "2254"]

1.d4 Nf6 2.c4 g6 3.Nc3 Bg7 4.e4 d6 5.Nf3 O-O 6.Be2 e5 7.d5 a5 8.Be3 Ng4 9.Bg5 f6
10.Bh4 h5 11.h3 Nh6 12.Nd2 Na6 13.f3 Nf7 14.a3 Bd7 15.Rb1 Bh6 16.Bf2 f5 17.b4 axb4
18.axb4 h4 19.Nf1 Bf4 20.g3 hxg3  1/2-1/2

[Event "5th Int ch-Central Serbia 2012"]
[Site "Paracin SRB"]
[Date "2012.07.13"]
[Round "9.8"]
[White "Vovk,Y"]
[Black "Arsovic,Z"]
[Result "1-0"]
[WhiteElo "2584"]
[BlackElo "2443"]

1.d4 Nf6 2.c4 g6 3.Nc3 Bg7 4.e4 d6 5.Nf3 O-O 6.Be2 Nbd7 7.O-O e5 8.Be3 Re8
9.d5 Ng4 10.Bd2 Bh6 11.Ne1 Bxd2 12.Qxd2 Ngf6 13.Nd3 Qe7 14.b4 Rf8 15.Qe3 Ne8
16.c5 f5 17.exf5 gxf5 18.f4 e4 19.Rac1 a5 20.a3 axb4 21.axb4 Rf7 22.cxd6 Nxd6
23.Nc5 Nf6 24.b5 Ra3 25.Qd4 Nd7 26.N5a4 Rb3 27.Bd1 Ra3 28.Qb4 Ne8 29.Qb2 b6
30.Bh5 Rf8 31.Bxe8 Rxe8 32.d6 Qxd6 33.Rfd1 Qf8 34.Rd4 e3 35.Rb4 e2 36.Re1 Nc5
37.Qxa3 Nd3 38.Nd5 Nxe1 39.Qg3+ Qg7 40.Nf6+ Kf8 41.Qxg7+ Kxg7 42.Nxe8+ Kf8
43.Rb1 Nd3 44.Nxc7  1-0

[Event "5th Int ch-Central Serbia 2012"]
[Site "Paracin SRB"]
[Date "2012.07.13"]
[Round "9.31"]
[White "Gevorgyan,M"]
[Black "Radovanovic,Nik"]
[Result "1/2-1/2"]
[WhiteElo "2040"]
[BlackElo "2191"]

1.d4 Nf6 2.c4 g6 3.Nc3 Bg7 4.e4 d6 5.Nf3 O-O 6.Be2 e5 7.O-O Nbd7 8.d5 Nc5
9.Nd2 a5 10.Qc2 Ne8 11.Nb3 f5 12.Nxc5 dxc5 13.Be3 b6 14.f3 Bd7 15.Nd1 Nd6
16.Nf2 Qf6 17.Rab1 Ra7 18.b3 f4 19.Bd2 Qe7 20.Rfc1 Re8 21.a3 Bf8 22.Nd3 Qf6
23.b4 Nb7 24.Qb2 g5 25.g4 Bd6 26.Kg2 h5 27.gxh5 Kf7 28.Nf2 Qh6 29.Rh1 Qxh5
30.b5 Rh8 31.h3 Qg6 32.Bc3 Qf6 33.Nd3 Re8 34.Rbg1 Raa8 35.Kf2 Re7 36.Bf1 Rh8
37.Ke1 Nd8 38.Qg2 Rg8 39.Nf2 Kf8 40.Ng4 Bxg4 41.Qxg4 Reg7 42.Kd1 Be7 43.Qc8 Qd6
44.Rg2 Bf6 45.Rhg1 Rd7 46.Kc2 Kf7 47.Qa6 Kf8 48.Kb3 Nf7 49.Ka4 Ke7 50.Qb7 Nd8
51.Qa6 Nf7 52.Qb7 Nd8  1/2-1/2

[Event "2nd Science Park Open A"]
[Site "Amsterdam NED"]
[Date "2012.07.14"]
[Round "1"]
[White "Van Lommel,P"]
[Black "Lammens,Tim"]
[Result "0-1"]
[WhiteElo "2120"]
[BlackElo "2291"]

1.d4 Nf6 2.c4 g6 3.Nc3 Bg7 4.e4 O-O 5.Be2 d6 6.Nf3 e5 7.O-O exd4 8.Nxd4 Re8
9.f3 c6 10.Kh1 Nbd7 11.Nc2 Nb6 12.Ne3 Nh5 13.f4 Qh4 14.Bxh5 Qxh5 15.Qxh5 gxh5
16.Rd1 Bxc3 17.bxc3 Rxe4 18.Kg1 Bg4 19.Rxd6 Rae8 20.h3 Be6 21.f5 Bxc4 22.Nxc4 Nxc4
23.Rd7 Re1+ 24.Kh2 b5 25.a4 Ne5 26.Rd2 h4 27.axb5 cxb5 28.Rda2 f6 29.Bh6 Rxa1
30.Rxa1 Re7 31.Rd1 Nf7 32.Bf4 Re4 33.Bb8 a6 34.Bc7 Rc4 35.Ba5 Ne5 36.Rd6 Nc6
37.Bb6 Kf7 38.Rd7+ Ke8 39.Rxh7 a5 40.Rh8+ Ke7 41.Bf2 a4 42.Ra8 Kd6 43.g4 hxg3+
44.Bxg3+ Kd5 45.Re8 Rxc3 46.h4 Nd4  0-1

[Event "Irish Championships 2012"]
[Site "Dublin IRL"]
[Date "2012.07.14"]
[Round "8.7"]
[White "Janusaitis,M"]
[Black "Gedvilaite,Monika"]
[Result "0-1"]
[WhiteElo "1967"]
[BlackElo "1985"]

1.d4 Nf6 2.c4 g6 3.Nc3 d6 4.e4 Bg7 5.Be2 O-O 6.Nf3 Nbd7 7.O-O e5 8.d5 Nc5
9.Nd2 a5 10.f3 Nh5 11.Nb3 b6 12.Nxc5 bxc5 13.Be3 f5 14.exf5 gxf5 15.f4 exf4
16.Bxf4 Nxf4 17.Rxf4 Rb8 18.Nb5 Bxb2 19.Rb1 Be5 20.Qd2 Bxf4 21.Qxf4 Bd7 22.Rb3 Bxb5
23.Rg3+ Kh8 24.cxb5 Qf6 25.a4 Rbe8 26.Kf2 Re4 27.Qc1 Qd4+ 28.Kf1 Rfe8 29.Rd3 Rf4+
30.Rf3 Rfe4 31.Rf2 Qe5 32.Qd2 Qxh2 33.Qc3+ R8e5 34.Qh3 Qxh3 35.gxh3 Rxe2
36.Rxe2 Rxe2 37.Kxe2 Kg7 38.Kd3 Kf6  0-1

[Event "24th ch-Southern California 2012"]
[Site "Monterey Park USA"]
[Date "2012.07.14"]
[Round "2"]
[White "Kretchetov,A"]
[Black "Clawitter,C"]
[Result "1-0"]
[WhiteElo "2342"]
[BlackElo "2118"]

1.Nf3 Nf6 2.c4 g6 3.Nc3 Bg7 4.e4 d6 5.d4 O-O 6.Be2 e5 7.Be3 Na6 8.a3 c6 9.Qc2 Ng4
10.Bg5 Qe8 11.dxe5 Nxe5 12.O-O f5 13.exf5 Bxf5 14.Qd2 Nf7 15.Bh4 Nc5 16.Rae1 Qd7
17.Nd4 Rfe8 18.b4 Ne4 19.Nxe4 Rxe4 20.Nxf5 gxf5 21.f4 Bd4+ 22.Kh1 Rae8 23.Bd3 Rxe1
24.Rxe1 Rxe1+ 25.Qxe1 d5 26.c5 b6 27.Qb1 bxc5 28.Bxf5 Qd6 29.Bxh7+ Kg7 30.Be7 Qh6
31.Bc2 cxb4 32.axb4 Qxf4 33.Qd1 Be5 34.g3 Qc4 35.Bd3 Qd4 36.Bc5 Qa1 37.Qxa1 Bxa1
38.Bxa7 Bc3 39.b5 cxb5 40.Bxb5 Kf6 41.Kg2 Ne5 42.Kf1 Kf5 43.Ba6 Ke4 44.Ke2 Nc6
45.Bd3+ Ke5 46.Be3 Kf6 47.h4 Be5 48.Kf3 Nd4+ 49.Kg4 Ne6 50.Bf2 Bc3 51.Kf3 Nd4+
52.Ke3 Ne6 53.g4 Be5 54.Kf3 Nd4+ 55.Ke3 Ne6 56.Bf5 Nd4 57.Bc8 Nb5 58.g5+ Kg6
59.Kf3 Nd6 60.Bd7 Ne4 61.Be3 Bg3 62.Kg4 Bf2 63.Bf5+ Kg7 64.Bxf2 Nxf2+ 65.Kf4 Nd1
66.h5 Nc3 67.h6+ Kh8 68.g6 d4 69.g7+  1-0

[Event "TCh-CHN 2012"]
[Site "Tianjin CHN"]
[Date "2012.07.14"]
[Round "10"]
[White "Wang Doudou"]
[Black "Gu Xiaobing"]
[Result "1/2-1/2"]
[WhiteElo "2186"]
[BlackElo "2257"]

1.d4 Nf6 2.c4 g6 3.Nc3 Bg7 4.e4 d6 5.Be2 O-O 6.Nf3 e5 7.dxe5 dxe5 8.Qxd8 Rxd8
9.Bg5 Re8 10.Nd5 Nxd5 11.cxd5 c6 12.Bc4 Bd7 13.O-O b5 14.Bb3 Na6 15.Rfc1 Rac8
16.Be3 c5 17.a4 c4 18.axb5 cxb3 19.bxa6 Bb5 20.Nd2 Bd3 21.f3 Bc2 22.Kf2 Ra8
23.Ra4 Bf8 24.Ke2 Reb8 25.Nc4 f5 26.Nxe5 Bg7 27.f4 fxe4 28.Bd4 Rb5 29.d6 Rd5
30.d7 Bxe5 31.Bxe5 Rxd7 32.Rd4 Re7 33.Ke3 Kf7 34.Rb4 Rd8 35.Rd4 Rg8 36.g3 g5
37.Rb4 gxf4+ 38.Bxf4 Rd8 39.Rb7 Rdd7 40.Rxd7 Rxd7 41.Ra1 Ke6 42.Ra5 Rd3+
43.Ke2 Rd7 44.Re5+ Kf7 45.Rf5+ Ke8 46.Ra5 Kd8 47.h4 Rf7 48.Rd5+ Ke7 49.Ke3 Bd3
50.Ra5 Kd7 51.Rc5 Kd8 52.Rd5+ Ke7 53.Rc5 Ke6 54.Rc7 Rxc7  1/2-1/2

[Event "16th Godesburg Open"]
[Site "Bad Godesberg GER"]
[Date "2012.07.15"]
[Round "9.3"]
[White "Weiler,W"]
[Black "Saglam,K"]
[Result "1-0"]
[WhiteElo "2126"]
[BlackElo "2147"]

1.Nf3 Nf6 2.c4 g6 3.Nc3 Bg7 4.e4 d6 5.d4 O-O 6.Be2 e5 7.dxe5 dxe5 8.Qxd8 Rxd8
9.Nd5 Ne8 10.Be3 Nc6 11.O-O-O Nd6 12.Bg5 f6 13.Nxf6+ Bxf6 14.Bxf6 Rf8 15.Bg5 Nxe4
16.Be3 b6 17.Bd3 Bf5 18.Bc2 Nb4 19.Bb1 a5 20.a3 Nc6 21.Rhe1 Nd6 22.Bxb6 Nxc4
23.Bc5 Bxb1 24.Bxf8 Bf5 25.Bc5 a4 26.Nd2 N4a5 27.Bb4 Ra6 28.Bxa5 Nxa5 29.Ne4 Nc4
30.f3 Rc6 31.Kb1 Rb6 32.Ka1 Rb3 33.Nd2 Ne3 34.Nxb3 Nc2+ 35.Ka2 Be6 36.Rd8+ Kf7
37.Rxe5 axb3+ 38.Kb1 Kf6 39.Rxe6+ Kxe6 40.Rd3  1-0

[Event "Werner-Ott-Open 2012"]
[Site "Berlin GER"]
[Date "2012.07.15"]
[Round "9.5"]
[White "Figura,A"]
[Black "Kohler,T"]
[Result "1/2-1/2"]
[WhiteElo "2349"]
[BlackElo "2244"]

1.d4 Nf6 2.c4 g6 3.Nc3 Bg7 4.e4 d6 5.Nf3 O-O 6.Be2 e5 7.Be3 Nbd7 8.d5 Ng4
9.Bg5 f6 10.Bh4 Nh6 11.Nd2 g5 12.Bg3 f5 13.exf5 Nf6 14.Nde4 Nxe4 15.Nxe4 Bxf5
16.Bd3 g4 17.Qb3 b6 18.O-O-O Bd7 19.Kb1 Nf5 20.Qc2 Bh6 21.h3 Nd4 22.Qc3 gxh3
23.Rdg1 Bg7 24.gxh3  1/2-1/2

[Event "Sparkassen Open A"]
[Site "Dortmund GER"]
[Date "2012.07.15"]
[Round "2.22"]
[White "Grahl,Matthias"]
[Black "Kartsev,So"]
[Result "0-1"]
[WhiteElo "1851"]
[BlackElo "2198"]

1.Nf3 Nf6 2.d4 g6 3.c4 Bg7 4.Nc3 O-O 5.e4 d6 6.Be2 e5 7.d5 Nbd7 8.Rb1 a5
9.a3 Nh5 10.b4 axb4 11.axb4 Nf4 12.O-O h6 13.Be3 f5 14.Ne1 Nf6 15.f3 g5 16.Nd3 Bd7
17.Nf2 Qe8 18.exf5 Bxf5 19.Nfe4 Qg6 20.Nxf6+ Bxf6 21.Rc1 Ra3 22.Bxf4 exf4
23.Nb5 Re3 24.Nxc7 Bb2 25.Re1 Rc8 26.Ne6 Bxc1 27.Qxc1 Bxe6 28.dxe6 Qxe6 29.Qc2 Kg7
30.Kf2 Re8 31.h3 Qe5 32.Qd2 Re7 33.b5 b6 34.Qc2 Rc3 35.Qd2 Qe3+ 36.Qxe3 Rcxe3
37.Kf1  0-1

[Event "Corporation Centre Cup A"]
[Site "Izhevsk RUS"]
[Date "2012.07.15"]
[Round "1"]
[White "Ovchinnikov,Vsevolod"]
[Black "Ozolin,M"]
[Result "0-1"]
[WhiteElo "2051"]
[BlackElo "2380"]

1.d4 Nf6 2.c4 g6 3.Nc3 Bg7 4.e4 d6 5.Nf3 O-O 6.Be2 e5 7.d5 a5 8.Bg5 h6 9.Bh4 Na6
10.O-O Qe8 11.Nd2 Nh7 12.g4 Bf6 13.Bg3 Bd7 14.Nb3 a4 15.Nc1 Nc5 16.Nd3 b6
17.Rb1 Qe7 18.b4 axb3 19.axb3 Bg5 20.b4 Na4 21.Nxa4 Rxa4 22.Qc2 f5 23.exf5 gxf5
24.f4 exf4 25.Nxf4 fxg4 26.Bd3 Raa8 27.Rbe1 Qg7 28.Nh5 Qd4+ 29.Kh1 Rxf1+
30.Rxf1 Nf8 31.Be1 Ba4 32.Bh7+ Kh8 33.Qe4 Qxe4+ 34.Bxe4 Kg8 35.Bc3 Re8 36.Bf5 Bb3
37.Bf6 Bxc4 38.Bxg5 Bxf1 39.Nf6+ Kf7 40.Nxe8 Kxe8 41.Bxh6 Bc4 42.Bxg4 Bxd5+
43.Kg1 Ng6 44.Bh5 Bf7 45.Bxg6 Bxg6 46.Kf2 Kd7 47.Ke3 c5 48.bxc5 bxc5 49.Kd2 d5
50.Bf8 Kc6 51.Be7 d4 52.Bf6 Kd5 53.Be7 c4 54.Bb4 Kc6 55.Kc1 c3 56.h3 Kb5
57.Bf8 d3 58.Bh6 Bh5 59.Bg5 Kc4 60.Be3 Kd5  0-1

[Event "Turkish Bank Chess League 2012"]
[Site "Konya TUR"]
[Date "2012.07.15"]
[Round "5"]
[White "Sengul,C"]
[Black "Savina,A"]
[Result "1/2-1/2"]
[WhiteElo "2194"]
[BlackElo "2304"]

1.Nf3 Nf6 2.c4 g6 3.Nc3 Bg7 4.e4 d6 5.d4 O-O 6.Be2 e5 7.d5 a5 8.Bg5 Na6 9.Nd2 Qe8
10.a3 Bd7 11.b3 h6 12.Be3 Nh7 13.Rb1 f5 14.f3 c5 15.dxc6 bxc6 16.b4 axb4
17.axb4 Nf6 18.O-O Nc7 19.Nb3 Qe7 20.Qd2 Rfb8 21.b5 f4 22.Bf2 cxb5 23.c5 dxc5
24.Bxc5 Qf7 25.Bb4 Bf8 26.Nc5 Be8 27.Rfd1 Na6 28.Nxa6 Rxa6 29.Bxf8 Qxf8 30.Nxb5 Qc5+
31.Kh1 Bxb5 32.Rdc1 Qd6 33.Qxd6 Rxd6 34.Bxb5 Rbd8 35.Ba4 h5 36.Rc5 Nd7 37.Bxd7 R8xd7
38.h4 Re6 39.Rbb5 Rde7 40.Kh2 Kf7 41.Rc8  1/2-1/2

[Event "ch-USA Junior Final 2012"]
[Site "Saint Louis USA"]
[Date "2012.07.15"]
[Round "2"]
[White "Arnold,Mar"]
[Black "Getz,A"]
[Result "1-0"]
[WhiteElo "2529"]
[BlackElo "2321"]

1.d4 Nf6 2.Nf3 g6 3.c4 Bg7 4.Nc3 O-O 5.e4 d6 6.Be2 e5 7.Be3 Ng4 8.Bg5 f6
9.Bh4 g5 10.Bg3 h5 11.h4 Nc6 12.dxe5 Ncxe5 13.hxg5 fxg5 14.Rxh5 Nxf3+ 15.Bxf3 Ne5
16.Qd5+ Rf7 17.Be2 c6 18.Qd2 Be6 19.Qxg5 Qxg5 20.Rxg5 Nxc4 21.O-O-O Rd8 22.Bh4 Re8
23.Bh5 b5 24.b3 Kf8 25.Bxf7 Bxf7 26.Rxg7 Kxg7 27.f3 b4 28.Nb1 Nb6 29.Rxd6 c5
30.Nd2 Rc8 31.Kb2 c4 32.bxc4 Bxc4 33.Rd8 Rc6 34.Nxc4 Nxc4+ 35.Kb3 a5 36.Rd5 Ne3
37.Rxa5 Nc2 38.Bf2  1-0

[Event "16th Battle of Senta Open A"]
[Site "Senta SRB"]
[Date "2012.07.15"]
[Round "3.19"]
[White "Saric,S"]
[Black "Dimic,P"]
[Result "1/2-1/2"]
[WhiteElo "2462"]
[BlackElo "2116"]

1.d4 Nf6 2.c4 g6 3.Nc3 Bg7 4.e4 d6 5.Nf3 O-O 6.Be2 e5 7.d5 a5 8.Bg5 h6 9.Bh4 Na6
10.Nd2 Bd7 11.b3 Qe8 12.a3 Nh7 13.Rb1 h5 14.f3 Bh6 15.Bf2 Qe7 16.Nf1 f5 17.Ne3 Kh8
18.b4 axb4 19.axb4 h4 20.Bd3 h3 21.g3 Ng5 22.Nf1 fxe4 23.Bxe4 Qf7 24.Nd2 Bg4
25.Rf1 Nxf3+ 26.Nxf3 Bxf3 27.Bxf3 Qxf3 28.Qxf3 Rxf3 29.Ne4 Raf8 30.Ke2 b6
31.b5 Nb8 32.Bg1 Rxf1 33.Rxf1 Rxf1 34.Kxf1 Nd7 35.Ke2 Kg7 36.Nf2 Bc1 37.Nxh3 Nf6
38.Kf3 g5 39.Nf2 Kg6 40.h3 Ba3 41.Bh2 Bc5 42.g4 Bxf2 43.Kxf2 Nd7 44.Ke3 Nc5
45.Bg3 Na4 46.Kd2 Nb2 47.Kc3 Na4+ 48.Kc2 Nc5 49.Be1 Ne4 50.Kd3 Nc5+ 51.Ke3 Na4
52.Kd2 Nc5 53.Ke3  1/2-1/2

[Event "2nd Science Park Open A"]
[Site "Amsterdam NED"]
[Date "2012.07.16"]
[Round "3"]
[White "Hovenga,A"]
[Black "Wiersma,E"]
[Result "0-1"]
[WhiteElo "2247"]
[BlackElo "2375"]

1.d4 Nf6 2.c4 g6 3.Nc3 Bg7 4.e4 d6 5.Nf3 O-O 6.Be2 e5 7.O-O exd4 8.Nxd4 Re8
9.f3 c6 10.Kh1 Nbd7 11.Bg5 h6 12.Bh4 Ne5 13.f4 Neg4 14.Qd3 Nxe4 15.Nxe4 Qxh4
16.Bxg4 Bxg4 17.Nxd6 Re7 18.Nf3 Qh5 19.Rad1 Bxb2 20.Rb1 Bg7 21.Rxb7 Rxb7
22.Nxb7 Qf5 23.Qe3 Qc2 24.Ne5 Bxe5 25.fxe5 Qxc4 26.Rc1 Qd5 27.Nd6 Rb8 28.h3 Be6
29.Rf1 Rb2 30.Rf3 Qd2 31.Qg1 Bd5 32.Rg3 Qf4 33.Qe1 Rf2 34.Qc3 Rf1+ 35.Kh2 Bxg2
36.Qd3 Bd5  0-1

[Event "Corporation Centre Cup A"]
[Site "Izhevsk RUS"]
[Date "2012.07.16"]
[Round "2.8"]
[White "Kanter,E"]
[Black "Shomoev,A"]
[Result "1/2-1/2"]
[WhiteElo "2402"]
[BlackElo "2582"]

1.d4 Nf6 2.c4 g6 3.Nc3 Bg7 4.e4 d6 5.Nf3 O-O 6.Be2 e5 7.Be3 h6 8.O-O Ng4
9.Bc1 Nc6 10.d5 Ne7 11.a4 f5 12.Nh4 Nf6 13.exf5 g5 14.Ng6 Nxg6 15.fxg6 Bf5
16.Bd3 e4 17.Bc2 c5 18.f4 g4 19.Ne2 Nh5 20.Ra3 Qf6 21.Rb3 Rab8 22.Bd2 Qxg6
23.Bc3 Rf7 24.Bxg7 Nxg7 25.Ng3 Re8 26.Re3 Rfe7 27.Rfe1 Nh5 28.Nxh5 Qxh5 29.Qd2 Qg6
30.a5 Qf6 31.Qc3 Qxc3 32.Rxc3 h5 33.Rce3 Kf7 34.Kf2 h4 35.Ba4 Rb8 36.Bc2 Rbe8
37.Ba4 Rb8 38.Bc2 Rbe8  1/2-1/2

[Event "Turkish Bank Chess League 2012"]
[Site "Konya TUR"]
[Date "2012.07.16"]
[Round "6"]
[White "Polatel,A"]
[Black "Dogan,A"]
[Result "0-1"]
[WhiteElo "2129"]
[BlackElo "2151"]

1.Nf3 Nf6 2.c4 g6 3.Nc3 Bg7 4.e4 d6 5.d4 O-O 6.Be2 e5 7.O-O exd4 8.Nxd4 Re8
9.f3 c6 10.Kh1 Na6 11.Bg5 Qa5 12.Bh4 Nh5 13.Qd2 Qe5 14.Rfd1 Qf4 15.Qxf4 Nxf4
16.Bf1 Be5 17.Bf2 Nc5 18.g3 Nfe6 19.Nde2 g5 20.Be3 h6 21.f4 gxf4 22.gxf4 Bg7
23.Bg2 Bf8 24.Bf3 Ng7 25.b4 Na6 26.a3 Be6 27.b5 Nb8 28.bxc6 bxc6 29.c5 dxc5
30.Bf2 f6 31.Rab1 Nd7 32.Rb7 Nb6 33.Bh4 Re7 34.Rxe7 Bxe7 35.f5 Bb3 36.Rb1 Bc4
37.Nf4 Kf7 38.Rg1 Nd7 39.Ng6 Rg8 40.Rd1 Nf8 41.Nf4 Bb3 42.Rd2 Ke8 43.Rb2 c4
44.Rg2 Nd7 45.Ng6 Bxa3 46.e5 Nxf5 47.e6 Nxh4 48.exd7+ Kxd7 49.Rd2+ Kc7 50.Nxh4 Bb4
51.Re2 Bxc3 52.Re7+ Kb6 53.Re6 Ba4 54.Nf5 Rg5 55.Nd6 Bd4 56.h4 Rg3 57.Nxc4+ Kc5
58.Nd2 f5 59.Kh2 Rg7 60.Re8 Bc3 61.Nf1 f4 62.Bg2 Bb5 63.Rf8 Be2 64.Rf5+ Kb6
65.Kh1 f3 66.Bh3 Bd4 67.Kh2 Bc5 68.Nd2 Bd6+ 69.Kh1 Rg3 70.Bf1 Bxf1 71.Nxf1 Rh3+
72.Kg1 Bc5+ 73.Rxc5 Kxc5 74.Nd2 Kd5 75.Kf2 Rh2+ 76.Ke3 Re2+ 77.Kd3 Rxd2+  0-1

[Event "XXI TCh-MKD 2012"]
[Site "Struga MKD"]
[Date "2012.07.17"]
[Round "2.4"]
[White "Jacimovic,D"]
[Black "Petrov,Sa"]
[Result "1-0"]
[WhiteElo "2431"]
[BlackElo "2128"]

1.d4 Nf6 2.c4 g6 3.Nc3 Bg7 4.e4 d6 5.Nf3 O-O 6.Be2 e5 7.d5 a5 8.h3 Na6 9.Bg5 h6
10.Be3 Nc5 11.Nd2 Kh7 12.g4 Ng8 13.h4 Ne7 14.h5 g5 15.a3 Bd7 16.b4 axb4 17.axb4 Na6
18.Qb1 Rc8 19.c5 Nb8 20.Ra7 b6 21.Nc4 bxc5 22.bxc5 dxc5 23.Bxc5 Rh8 24.O-O Re8
25.Rd1 Ng8 26.Rd3 f6 27.Na5 Bf8 28.Nb7 Bxc5 29.Nxd8 Bxa7 30.Nb7 Bd4 31.Nb5 Bb6
32.N5d6 Bxf2+ 33.Kxf2 cxd6 34.Nxd6  1-0

[Event "XXI TCh-MKD 2012"]
[Site "Struga MKD"]
[Date "2012.07.17"]
[Round "2.2"]
[White "Damljanovic,B"]
[Black "Stamenkov,V"]
[Result "1/2-1/2"]
[WhiteElo "2564"]
[BlackElo "2319"]

1.c4 Nf6 2.Nc3 g6 3.e4 d6 4.d4 Bg7 5.Nf3 O-O 6.Be2 e5 7.O-O Na6 8.Re1 Qe8
9.Bf1 Bg4 10.d5 Qe7 11.h3 Bxf3 12.Qxf3 Nb4 13.Qd1 a5 14.a3 Na6 15.Rb1 Nc5
16.b4 Ncd7 17.Nb5 Ne8 18.Be3 axb4 19.axb4 f5 20.exf5 gxf5 21.c5 f4 22.Bd2 e4
23.Nc3 e3 24.fxe3 fxe3 25.Rxe3 Bd4 26.Qg4+ Qg7 27.Nb5 Bxe3+ 28.Bxe3 Qxg4
29.hxg4 Ne5 30.g5 Ra2 31.Bd4 Rf5 32.Nc3 Nf3+ 33.gxf3 Rxg5+ 34.Kh1 Rh5+ 35.Kg1  1/2-1/2

[Event "2nd Science Park Open A"]
[Site "Amsterdam NED"]
[Date "2012.07.18"]
[Round "5.2"]
[White "Bakre,T"]
[Black "Gullaksen,E"]
[Result "1-0"]
[WhiteElo "2482"]
[BlackElo "2382"]

1.d4 Nf6 2.c4 g6 3.Nc3 Bg7 4.e4 d6 5.Nf3 O-O 6.Be2 Na6 7.O-O e5 8.Be3 Ng4
9.Bg5 Qe8 10.Re1 exd4 11.Nd5 f6 12.Bf4 d3 13.Qxd3 Nc5 14.Qc2 Qd8 15.Rad1 Re8
16.b4 Nxe4 17.Bd3 Ngxf2 18.Rxe4 Nxe4 19.Bxe4 c6 20.Ne3 Qe7 21.Bxg6 hxg6 22.Qxg6 Qe4
23.Qg3 Be6 24.Nh4 d5 25.Rf1 Kh7 26.Bd6 Bh6 27.Nef5 Rg8 28.Qf2 Rae8 29.Nxh6 Kxh6
30.Re1 Qg4 31.h3 Qg7 32.Rxe6  1-0

[Event "11th Condom Open A"]
[Site "Condom FRA"]
[Date "2012.07.18"]
[Round "6.9"]
[White "Ouerk,Y"]
[Black "Roques,O"]
[Result "1-0"]
[WhiteElo "2177"]
[BlackElo "1913"]

1.d4 Nf6 2.c4 g6 3.Nc3 Bg7 4.e4 d6 5.Nf3 O-O 6.Be2 e5 7.O-O Na6 8.Re1 Qe8
9.Bf1 Bg4 10.d5 Nb4 11.Be2 a5 12.Be3 Bd7 13.Nd2 h5 14.f3 h4 15.c5 Nh5 16.cxd6 cxd6
17.a3 Na6 18.Nc4 Qe7 19.Nb6 Rab8 20.Rb1 Nf4 21.Bf1 Bh6 22.Qd2 g5 23.g3 Nh3+
24.Bxh3 Bxh3 25.g4 Qf6 26.Qe2 Nc5 27.Bxc5  1-0

[Event "11th Condom Open A"]
[Site "Condom FRA"]
[Date "2012.07.18"]
[Round "6.10"]
[White "Marty,Brice"]
[Black "Sanchez,N"]
[Result "1/2-1/2"]
[WhiteElo "2027"]
[BlackElo "2168"]

1.d4 Nf6 2.c4 g6 3.Nc3 Bg7 4.e4 d6 5.Nf3 O-O 6.Be2 e5 7.O-O Nbd7 8.d5 Nc5
9.Qc2 a5 10.Be3 Ng4 11.Bxc5 dxc5 12.Rad1 Ra6 13.a3 Qe7 14.Ne1 Nf6 15.Nb5 Ne8
16.b4 axb4 17.axb4 b6 18.bxc5 bxc5 19.Nd3 f5 20.f3 Bh6 21.Qb2 fxe4 22.Qxe5 Qxe5
23.Nxe5 Ra2 24.Kf2 Bf4 25.Nc6 e3+ 26.Ke1 Bxh2 27.Rd3 Bg3+ 28.Kd1 Ra1+ 29.Kc2 Ra2+
30.Kd1 Ra1+ 31.Kc2 Ra2+ 32.Kd1  1/2-1/2

[Event "Sparkassen Open A"]
[Site "Dortmund GER"]
[Date "2012.07.18"]
[Round "5.18"]
[White "Wagner,Al"]
[Black "Giraud,Valerian"]
[Result "1-0"]
[WhiteElo "2216"]
[BlackElo "2024"]

1.d4 Nf6 2.c4 g6 3.Nc3 Bg7 4.e4 d6 5.Nf3 O-O 6.Be2 e5 7.d5 a5 8.Bg5 h6 9.Bh4 Na6
10.Nd2 Qe8 11.O-O Nh7 12.a3 Bd7 13.b3 h5 14.f3 Bh6 15.Bf2 b6 16.Rb1 f5 17.b4 axb4
18.axb4 Bxd2 19.Qxd2 f4 20.Qb2 g5 21.Ra1 g4 22.c5 gxf3 23.Bxa6 fxg2 24.Kxg2 f3+
25.Kh1 Bh3 26.Rg1+ Bg2+ 27.Rxg2+ fxg2+ 28.Kxg2 Kh8 29.Qe2 Rf4 30.Be3 Qg6+
31.Kh1 Rxe4 32.Rg1 Qf5 33.Bd3 Nf6 34.Nxe4 Nxe4 35.Qg2  1-0

[Event "Minsk Open 2012"]
[Site "Minsk BLR"]
[Date "2012.07.18"]
[Round "9.5"]
[White "Tunik,G"]
[Black "Levin,Ev"]
[Result "1/2-1/2"]
[WhiteElo "2449"]
[BlackElo "2509"]

1.d4 Nf6 2.c4 g6 3.Nc3 Bg7 4.e4 d6 5.Nf3 O-O 6.Be2 e5 7.Be3 Na6 8.O-O Ng4
9.Bg5 Qe8 10.dxe5 dxe5 11.h3 f6 12.Bd2 Nh6 13.c5 c6 14.Bxa6 bxa6 15.Bxh6 Bxh6
16.Qa4 Rf7 17.Rad1 Bf8 18.Qa5 Qe7 19.Na4 Qc7 20.Qc3 Be6 21.b3 Rd8 22.Nb2 Rxd1
23.Rxd1 Rd7 24.Rxd7 Qxd7 25.Nd3 Qb7 26.Nd2 Qb5 27.Nc4 Bxc4 28.Qxc4+ Qxc4
29.bxc4 a5 30.Kf1 Kf7 31.Ke2 Ke6 32.g3 Be7 33.Ke3 Bf8 34.f4 Bh6 35.Kf3 Bf8
36.a4 Be7 37.Ke3 Bf8 38.Kf3 Be7 39.Ke3 Bf8  1/2-1/2

[Event "23rd Czech Open Rapid"]
[Site "Pardubice CZE"]
[Date "2012.07.18"]
[Round "1.5"]
[White "Vokoun,J"]
[Black "Novikov,St1"]
[Result "0-1"]
[WhiteElo "2212"]
[BlackElo "2545"]

1.Nf3 g6 2.c4 Bg7 3.Nc3 d6 4.d4 Nf6 5.e4 O-O 6.Be2 Na6 7.O-O e5 8.d5 Nc5
9.Qc2 a5 10.Be3 b6 11.a3 a4 12.Nd2 Bd7 13.b4 axb3 14.Nxb3 Na4 15.Nb5 h5 16.h3 Nh7
17.Rac1 Bf6 18.Qd2 Bg5 19.f4 exf4 20.Bxf4 Nc5 21.Nxc5 bxc5 22.Ra1 Bxb5 23.cxb5 Ra4
24.Bd3 Qe7 25.Bc2 Rd4 26.Qf2 Bxf4 27.Qxf4 Qg5 28.a4 Qxf4 29.Rxf4 Kg7 30.Rb1 Nf6
31.b6 cxb6 32.Rxb6 Nxd5  0-1

[Event "23rd Czech Open Rapid"]
[Site "Pardubice CZE"]
[Date "2012.07.18"]
[Round "1.4"]
[White "Schlosser,P"]
[Black "Kratochvil,K"]
[Result "0-1"]
[WhiteElo "2596"]
[BlackElo "2213"]

1.c4 Nf6 2.Nf3 g6 3.Nc3 Bg7 4.e4 O-O 5.d4 d6 6.Be2 e5 7.d5 Na6 8.Nd2 Ne8
9.Rb1 f5 10.b4 Kh8 11.O-O f4 12.c5 g5 13.Ba3 Rg8 14.Nc4 Bf6 15.Bg4 Bxg4 16.Qxg4 Ng7
17.Qe2 h5 18.Na5 Qc8 19.Nb5 b6 20.Nc6 bxc5 21.bxc5 Nxc5 22.Bxc5 dxc5 23.Nbxa7 Qd7
24.f3 g4 25.Kh1 Ne8 26.Rbc1 Nd6 27.Rxc5 gxf3 28.gxf3 Qh3 29.Rcc1 Rg7 30.Rg1 Rag8
31.Rxg7 Rxg7 32.Rg1 Rxg1+ 33.Kxg1 Kh7 34.a4 Nf7 35.Qg2 Qd7 36.a5 Qd6 37.Qe2 Qc5+
38.Kg2 Nd6 39.Qf2 Qc4 40.Qf1 Qc5 41.a6 Nc4 42.Qg1 Ne3+ 43.Kh3 Qd6 44.Nb8 c5
45.Nac6 Qc7 46.Qxe3 fxe3 47.a7 Qxa7 48.Nxa7 e2 49.Nd7 Kg7 50.Nxc5 e1=Q 51.Ne6+ Kf7
52.Nc6 Qf1+ 53.Kg3 h4+ 54.Kg4 Qg2+ 55.Kh5 Qg6+  0-1